| 000 | 01379nam a2200361 c 4500 | ||
|---|---|---|---|
| 003 | BLK | ||
| 005 | 20250509164901.0 | ||
| 008 | 180409b bul|||||r ||||||| ||bul|| | ||
| 010 | _aKNG00114501000 | ||
| 020 |
_a954-321-037-3 _bиздат.: Изток-Запад |
||
| 040 | _aBLK | ||
| 041 |
_aBUL _cBUL |
||
| 080 |
_aИстория на Египет (до 640 г. н. е.) _b932 _x _z932 |
||
| 100 | 1 |
_aИгнатов, Сергей Симеонов _eпърви автор _9369080 |
|
| 139 |
_aИгнатов, Сергей Симеонов _bИ 29 |
||
| 245 | 1 | 0 |
_aЕгипет на фараоните _cСергей Симеонов Игнатов. |
| 250 | _a3. прераб. изд. | ||
| 257 | _aBGR | ||
| 260 |
_аСофия _bИзток-Запад _c2004 |
||
| 300 |
_a232 с. _bс ил., к., 32 с. ил. _c22 см |
||
| 380 | _a9 | ||
| 500 | _a1. изд. 1996 на Унив. изд. Св. Климент Охридски. - Съдържа Хронология. - Библиогр. с. 207-212 ; Азб. показалец | ||
| 504 | _a207-212 | ||
| 650 | 4 |
_aДревен Египет _9242280 |
|
| 653 | _aДревен Египет | ||
| 653 | _aистория | ||
| 852 | _aЦб 220660 | ||
| 856 | 4 |
_qpdf _u |
|
| 856 | 4 |
_qpdf _u |
|
| 942 |
_cKNG _n0 _011 |
||
| 944 |
_aCR _c10.08.2004 _k30535 _lХристина Везирева |
||
| 944 |
_aED _c22.03.2006 _k |
||
| 999 |
_c109186 _d109186 |
||